000 01190nam a22003977a 4500
001 BR2018001186
003 BR-BrBNA
005 20230928105252.0
007 ta
008 230509b bl.||||| |||| 00| 0 por d
040 _aBR-BrBNA
_bpor
_cBiblioteca Nacional de Agricultura
041 _a(Por)
072 _aP01; K10; F01
_b3000
090 _ 3000 BR2018001186
100 1 _aSilva, J.N.M.(ed.)
100 1 _aCarvalho, J.O.P. de(ed.)
100 1 _aYared, J.A.G.(ed.)
110 1 _aEMBRAPA Amazônia Oriental, Belém, PA (Brasil)
245 1 _aA silvicultura na Amazônia Oriental; contribuições do projeto Embrapa/DFID
260 3 _aBelém, PA (Brasil):
_c2001.
300 _a457 p.
500 _aSeveral bibliography; 82 illus.; 54 tables
650 _aFLORESTA TROPICAL
650 _aFLORESTA NATIVA
650 _aECOLOGIA FLORESTAL
650 _aPLANEJAMENTO FLORESTAL
650 _aPRODUÇÃO FLORESTAL
650 _aMORFOLOGIA VEGETAL
650 _aÁRVORE FLORESTAL
650 _aSEMENTE FLORESTAL
650 _aSILVICULTURA
650 _aANATOMIA VEGETAL
650 _aPRÁTICA CULTURAL
909 _a202309
_bLucia
_c55
_dLucia Elande
942 _cBK
999 _c84384
_d84384